000 00214nam a22000857a 4500
008 170624b xxu||||| |||| 00| 0 eng d
100 _93654
_aWoodwoth. R
245 _aSports Encyclopedia
260 _aNew Delhi
_bKhel
_c2000
999 _c7057
_d7057